Vibration monitoring and diagnosis: Techniques for cost effective plant maintenance (Record no. 31297)

MARC details
000 -LEADER
fixed length control field 00359nam a2200121Ia 4500
082 ## - DEWEY DECIMAL CLASSIFICATION NUMBER
Classification number 534.1
Item number COL
100 ## - MAIN ENTRY--AUTHOR NAME
Personal name Ralph A
245 #0 - TITLE STATEMENT
Title Vibration monitoring and diagnosis: Techniques for cost effective plant maintenance
260 ## - PUBLICATION, DISTRIBUTION, ETC. (IMPRINT)
Place of publication London
Name of publisher George Godwin
Year of publication 1979
650 ## - SUBJECT ADDED ENTRY--TOPICAL TERM
Topical Term Vibration monitoring
942 ## - ADDED ENTRY ELEMENTS (KOHA)
Koha item type Books
Holdings
Withdrawn status Lost status Damaged status Not for loan Home library Current library Date acquired Cost, normal purchase price Full call number Accession Number Koha item type
        RRII Library RRII Library 16/12/2021 18.50 534.1 COL 11845 Books